| 000 | 00561cam a2200181 a 4500 | ||
|---|---|---|---|
| 020 | _a0849371341 | ||
| 082 | 0 | 0 |
_a620.11 _bBOL _cL-1, P-235 |
| 100 | 1 |
_aBolton, W. _9716 |
|
| 245 | 1 | 0 |
_aEngineering materials 2 _cW. Bolton. |
| 260 |
_aBoca Raton, Fla. : _bCRC Press, _c1989. |
||
| 300 |
_aix, 194 p. : _bill. ; _c20 cm. |
||
| 500 | _aIncludes index. | ||
| 500 | _aOn cover: CRC engineering materials pocket book. | ||
| 526 |
_a0 _b0 _c0 _d620_110000000000000_BOL |
||
| 650 | 0 |
_aMaterials _xHandbooks, manuals, etc. _940715 |
|
| 650 | 0 |
_aMCE _9379 |
|
| 942 |
_2ddc _cBK |
||
| 999 |
_c544972 _d544972 |
||